[Event "Yuzhny FO-ch op"]
[Site "Armavir"]
[Date "2010.03.??"]
[Round "7"]
[White "Barsamian, Eduard"]
[Black "Bulygin, Yaroslav"]
[Result "1-0"]
[WhiteElo "2188"]
[BlackElo "2087"]
[PlyCount "109"]
[EventDate "2010.03.??"]
[EventType "swiss"]
[EventRounds "9"]
[EventCountry "RUS"]
[SourceTitle "CBM 135 Extra"]
[Source "ChessBase"]
[SourceDate "2010.05.04"]
[SourceVersion "1"]
[SourceVersionDate "2010.05.04"]
[SourceQuality "1"]

1. d4 f5 2. c4 Nf6 3. Nc3 e6 4. Nf3 d5 5. Bf4 c6 6. e3 Be7 7. Qc2 0-0 8. Bd3 Ne4 9. g4 Na6 10. a3 Qa5 11. Ke2 Kh8 12. Ne5 Qd8 13. f3 Nf6 14. c5 Nb8 15. Rhg1 Qe8 16. Rg2 Nbd7 17. Rag1 g6 18. h4 Rg8 19. Nxd7 Bxd7 20. Be5 Rg7 21. g5 Nh5 22. f4 Kg8 23. Bxg7 Nxg7 24. b4 Qd8 25. Rb1 b5 26. a4 a6 27. axb5 cxb5 28. Ra1 Bc6 29. Rgg1 Qc8 30. Nb1 Bd8 31. Qc3 Bc7 32. Nd2 Kf7 33. Ra2 Ke7 34. Nf3 Nh5 35. Kf2 Qb7 36. Rga1 Ng7 37. Be2 Kf7 38. Ne5+ Bxe5 39. dxe5 Ke7 40. Qd4 Kd7 41. Ra5 Kc7 42. R1a3 Qc8 43. Qa1 Ne8 44. Rxa6 Rxa6 45. Rxa6 Kd7 46. Ra7+ Nc7 47. Qa5 Qd8 48. Bxb5 Bxb5 49. Rxc7+ Qxc7 50. Qxb5+ Ke7 51. Qa6 Kf7 52. c6 Ke7 53. Qb7 Kd8 54. Qxc7+ Kxc7 55. b5 1-0

[Event "Anapa op"]
[Site "Anapa"]
[Date "2007.09.??"]
[Round "8"]
[White "Ganizhev, Maxim"]
[Black "Bulygin, Yaroslav"]
[Result "0-1"]
[WhiteElo "1943"]
[BlackElo "2060"]
[PlyCount "70"]
[EventDate "2007.09.??"]
[EventType "swiss"]
[EventRounds "9"]
[EventCountry "RUS"]
[SourceTitle "EXT 2009"]
[Source "ChessBase"]
[SourceDate "2008.11.26"]
[SourceVersion "1"]
[SourceVersionDate "2008.11.26"]
[SourceQuality "1"]

1. e4 c5 2. Nc3 Nc6 3. g3 g6 4. d3 Bg7 5. Be3 d6 6. Qd2 Rb8 7. Bg2 e5 8. Nge2 Nd4 9. h3 Be6 10. Nd1 Ne7 11. Nc1 0-0 12. c3 Ndc6 13. Bh6 f5 14. h4 f4 15. Bxg7 Kxg7 16. gxf4 exf4 17. d4 d5 18. Nb3 dxe4 19. Nxc5 Bd5 20. Bxe4 b6 21. Bxd5 Qxd5 22. Rh3 bxc5 23. h5 cxd4 24. hxg6 hxg6 25. Rc1 Rbe8 26. Kf1 g5 27. cxd4 Rh8 28. Rc5 Qe6 29. Rxg5+ Ng6 30. Rb3 Qe4 31. f3 Qe1+ 32. Qxe1 Rh1+ 33. Kf2 Rexe1 34. Rc5 Rxd1 35. Rxc6 Rd2# 0-1